Wences Rambla [Disco compacto ] (Record no. 14310)
[ view plain ]
| 000 - LÍDER | |
|---|---|
| campo de control de longitud fija | 01299nam a2200241Ia 4500 |
| 008 - ELEMENTOS DE DATOS DE LONGITUD FIJA - INFORMACIÓN GENERAL | |
| campo de control de longitud fija | 0000002007 sp 0000000000mul00 |
| 020 ## - INTERNATIONAL STANDARD BOOK NUMBER | |
| International Standard Book Number | 9788448245504 |
| 090 ## - NÚMERO DE LLAMADA DE TIPO LC LOCALMENTE ASIGNADO (OCLC) | |
| Número de clasificación (OCLC) (R) | PSP02 D24w |
| 100 1# - ENTRADA PRINCIPAL - NOMBRE PERSONAL | |
| Nombre de la persona | De la Calle, Román |
| 245 10 - TÍTULO DECLARACIÓN | |
| Título | Wences Rambla [Disco compacto ] |
| Resto del título | : un itinerari plástic per la senda de l ́abstracció = un itinerario plástico por la senda de la abstracción |
| Declaración de responsabilidad | / textos Román de la Calle, Pascual Patuel ; fotografías Mateo Gamón, Wences Rambla |
| 260 ## - PUBLICACIÓN, DISTRIBUCIÓN | |
| Lugar de publicación | Valencia (España) : Consorci de Museum de la Comunitat Valenciana |
| Fecha de publicación | 2007 |
| 300 ## - DESCRIPCIÓN FÍSICA | |
| Alcance | 1 CD ROM bajo Windows |
| Dimensiones | / 12 cm. |
| 500 ## - NOTA GENERAL | |
| Nota general | Este material visual acompaña al libro con el título: Wences Ramblaun itinerari plástic per la senda de l ́abstracció; el cual puede consultarlo con la referencia: PSP00 D24w \ Incluye datos biográficos y cronología artística \Texto en español, catalán, valenciano e inglés |
| 600 00 - ENTRADA DE SUJETO AÑADIDO - NOMBRE PERSONAL | |
| Nombre de la persona | RAMBLA ZARAGOZA, WENCES, 1948/ |
| Subdivisión general | TRABAJOS PICTORICOS |
| 650 14 - ENTRADA DE SUJETO AÑADIDO - TÉRMINO TÓPICO | |
| Término tópico o elemento de entrada del nombre geográfico | PINTURA ESPAÑOLA CDROM |
| 650 14 - ENTRADA DE SUJETO AÑADIDO - TÉRMINO TÓPICO | |
| Término tópico o elemento de entrada del nombre geográfico | ARTE ABSTRACTO ESPAÑOL |
| 650 14 - ENTRADA DE SUJETO AÑADIDO - TÉRMINO TÓPICO | |
| Término tópico o elemento de entrada del nombre geográfico | ARTE ABSTRACTO ESPAÑOL CDROM |
| 650 14 - ENTRADA DE SUJETO AÑADIDO - TÉRMINO TÓPICO | |
| Término tópico o elemento de entrada del nombre geográfico | ARTISTAS PLASTICOS ESPAÑOLES CDROM |
| 650 14 - ENTRADA DE SUJETO AÑADIDO - TÉRMINO TÓPICO | |
| Subdivisión general | CATALOGOS |
| 650 14 - ENTRADA DE SUJETO AÑADIDO - TÉRMINO TÓPICO | |
| Subdivisión general | EXPOSICIONES |
| 650 14 - ENTRADA DE SUJETO AÑADIDO - TÉRMINO TÓPICO | |
| Término tópico o elemento de entrada del nombre geográfico | PINTURA ABSTRACTA ESPAÑOLA |
| 650 14 - ENTRADA DE SUJETO AÑADIDO - TÉRMINO TÓPICO | |
| Término tópico o elemento de entrada del nombre geográfico | PINTURA ESPAÑOLA |
| Estado de retirada | Pérdida de estatus | Estado dañado | No para préstamo | Código de recogida | Ubicación permanente | Ubicación actual | Ubicación de las estanterías | Fecha de adquisición | Número de llamada completo | Código de barras | Fecha de la última vez que se vio | Número de copia | Precio efectivo desde | Tipo de artículo Koha |
|---|---|---|---|---|---|---|---|---|---|---|---|---|---|---|
| General | ArtNexus | ArtNexus | General | 06/09/2022 | P-SP-02 D24W | 14540 | 06/09/2022 | Ej.1 | 06/09/2022 | Libro |